000 00562cam a22002291 4500
001 sa 68017829
003 DLC
005 20260227112706.0
008 940822s1967 ii b 000 0 orio
010 _asa 68017829
025 _aPL480:I-O-801
035 _a(OCoLC)30990623
040 _aDLC
_cCU
_dCU
_dDLC
042 _apremarc
050 0 0 _aPK2579.M3
_bS9
100 1 _aMahanty, Surendra,
_d1920-
245 1 0 _aSurendra bicitrā.
260 _c[1967]
300 _a2, 2, 376 p.
_c22 cm.
500 _aIn Oriya.
504 _aBibliographical footnotes.
999 _c87989
_d87989